00357nam a2200145Ia 4500003000400000008004100004040001600045082001300061100001800074245004200092260003000134300001000164650001500174650002200189GCL140319s9999 xx 000 0 eng d aGCL / cGCL04a843bS C1 aSEURAT, MARIE10aLES CORBEAUX D'ALEP / cSEURAT, MARIE a[S.N] : bFOLIO ، c1991 a251 P04aLITERATURE04aFRENCH LITERATURE